000 008640000a22002170004500
003 LK-CoMWRAF
005 20240315102439.0
008 230817t1996 ||||| |||| 00| 0 eng d
040 _aLK-CoMWRAF
_dLK-CoMWRAF
_eLK-CoMWRAF
041 _atam
082 _a954.93
_bKAN
245 _aகண்டி மாவட்ட முஸ்லிம்கள்:
_bவாலாறும் பாரம்பரியமும்
246 _aKandy Mawatta Muslimgal: valarum pārampariyamum
246 _aMuslims of Kandy district: history and heritage
260 _aColombo:
_bDepartment of Muslim Religious & Cultural Affairs, Ministry of Cultural & Religious Affairs,
_c1996
300 _axviii.,192 p.
650 _aMUSLIMS-Sri Lanka
650 _aMuslims-Kandy-History
700 _aஅனஸ், எம்.எஸ்.எம்.
_eed.
_yAnes, M.S.M.
942 _cBK
999 _c1456
_d1456